Geography Quiz

Random Geography or World Quiz

World Biomes Quiz Stats

Quiz not verified by Sporcle

Challenge
Share
Tweet
Embed
Score 0/10 Timer 01:00
0 Plays Today
Biomes % Correct
Tundra
92.3%
Desert
81.1%
Tropical Rain Forest
71.6%
Taiga
52.3%
Savanna
48.2%
Marine
20.3%
Coniferous Forest
19.4%
Decidous Forest
9%
Prarie Grasslands
8.1%
Temperate Grasslands
7.7%

You're not logged in!

Compare scores with friends on all Sporcle quizzes.
Join for Free
OR
Log In

You Might Also Like...

Show Comments

Extras

Created Nov 1, 2010ReportNominate
Tags:World Quiz, biome

Top Quizzes Today


Score Distribution

Your Account Isn't Verified!

In order to create a playlist on Sporcle, you need to verify the email address you used during registration. Go to your Sporcle Settings to finish the process.

Report this User

Report this user for behavior that violates our Community Guidelines.

Details: